000 01367 a2200229 4500
005 20080916145747.0
008 080916t xxu||||| |||| 00| 0 hin d
010 _aHIN-81629
020 _a8171245390
_c100.00
035 _aHN-53975
037 _bपु.प्र.अ.प्र / प्रका.
082 _a181.45
100 _aभटनागर, अनिल
245 _aवेदान्त और आइन्सटीन/
_cअनिल भटनागर;देवेन्द्र कुमार अग्निहोत्री द्वारा अनुदित
246 _aVedanta aur Einstein
_bby Anil Bhatnagar;Tran by Devendra kumar Agnihotri
260 _aवाराणसी
_bविश्वविद्यालय प्रकाशन
_c2007
300 _a71पृ
_c22 सेमी (सजिल्द)
700 _aअग्निहोत्री, देवेन्द्र कुमार
270 _aपो.बाँ 1149, विशालाक्षी भवन, चौक
_bवाराणसी
_e221001
_k0542 2413741, 2413082
_mvvp@vsnl.com
942 _adpl
_cHN
_k181.45 / भटना
_2ddc
_h181.45
_mभटना
999 _c8777
_d8777